Vývojové změny obchodu z pohledu teorií obchodu

Analýza významných vývojových zmien v obchode. Teórie obchodu, ktoré ovplyvňujú oblasť obchodného podnikania.Teória internacionalizácie v obchode. Teória koncentrácie obchodu. Teória privátnych značiek. Vývoj podielu privátnych značiek vo vybraných štátoch Európskej únie (2008). Situácia privátnych...

Descrizione completa

Salvato in:
Dettagli Bibliografici
Autore principale: Hesková, Marie
Altri autori: Lieskovská, Vanda, 1961-
Natura: Capitolo di libro
Lingua:ceco
Soggetti:
Tags: Aggiungi Tag
Nessun Tag, puoi essere il primo ad aggiungerne!!

MARC

LEADER 00000naa$a2200000$$$4500
001 0111469
005 20240502083257.6
041 0 |a cze 
044 |a CZ 
245 1 0 |a Vývojové změny obchodu z pohledu teorií obchodu  |c Marie Hesková, Vanda Lieskovská 
520 |a Analýza významných vývojových zmien v obchode. Teórie obchodu, ktoré ovplyvňujú oblasť obchodného podnikania.Teória internacionalizácie v obchode. Teória koncentrácie obchodu. Teória privátnych značiek. Vývoj podielu privátnych značiek vo vybraných štátoch Európskej únie (2008). Situácia privátnych značiek na českom a slovenskom trhu. 
610 2 0 |a obchod 
610 2 0 |a maloobchod 
610 2 0 |a trh 
610 2 0 |a internacionalizácia 
610 2 0 |a koncentrácia 
610 2 0 |a značky výrobkov 
610 2 0 |a značky maloobchodné 
610 2 0 |a teórie ekonomické 
610 2 0 |a Česko 
610 2 0 |a Slovensko 
100 1 |a Hesková, Marie 
700 1 |a Lieskovská, Vanda, 1961-